000 00647nam a2200241Ia 4500
003 OSt
005 20221005092821.0
006 a|||||r|||| 00| 0
007 ta
008 221004b |||||||| |||| 00| 0 eng d
020 _a3540071067
024 _a103494
037 _cTextual
040 _aCRL
_cCRL
_beng
041 _2eng
_aeng
082 _aCN2, L6
100 _aSneddon I.N. Ed.
_9438519
245 0 _aMethods of accelerated convergence in nolinear mechanics
260 _aNew York
_bSpringer Verlag USA
_c1976
300 _a289p.
_ccm.
942 _hCN2, L6
_cTEXL
_2cc
999 _c999392
_d999392